The eleventh plague / (Record no. 2679)

MARC details
000 -LEADER
fixed length control field 01044cam a22002778a 4500
005 - DATE AND TIME OF LATEST TRANSACTION
control field 20240109145400.0
020 ## - INTERNATIONAL STANDARD BOOK NUMBER
International Standard Book Number 9780545290142 (hardcover)
020 ## - INTERNATIONAL STANDARD BOOK NUMBER
International Standard Book Number 9780545290159
040 ## - CATALOGING SOURCE
Original cataloging agency DLC
Transcribing agency DLC
Modifying agency DLC
Language of cataloging eng
050 00 - LIBRARY OF CONGRESS CALL NUMBER
Classification number PZ7.H59787
Item number El 2011
082 00 - DEWEY DECIMAL CLASSIFICATION NUMBER
Classification number 813.6
Edition number 22
100 1# - MAIN ENTRY--PERSONAL NAME
Personal name Hirsch, Jeff
245 14 - TITLE STATEMENT
Title The eleventh plague /
Statement of responsibility, etc. Jeff Hirsch
250 ## - EDITION STATEMENT
Edition statement First paperback printing, September 2012
260 ## - PUBLICATION, DISTRIBUTION, ETC.
Place of publication, distribution, etc. New York :
Name of publisher, distributor, etc. Scholastic Press,
Date of publication, distribution, etc. 2011
300 ## - PHYSICAL DESCRIPTION
Extent 278 pages ;
Dimensions 20 cm
505 ## - FORMATTED CONTENTS NOTE
Formatted contents note O
520 ## - SUMMARY, ETC.
Summary, etc. Twenty years after the start of the war that caused the Collapse, fifteen-year-old Stephen, his father, and grandfather travel post-Collapse America scavenging, but when his grandfather dies and his father decides to risk everything to save the lives of two strangers, Stephen's life is turned upside down.
521 ## - TARGET AUDIENCE NOTE
Target audience note 790
Source Lexile
521 ## - TARGET AUDIENCE NOTE
Target audience note O
Source Raz-Plus
650 #1 - SUBJECT ADDED ENTRY--TOPICAL TERM
Topical term or geographic name entry element Survival
Form subdivision Fiction.
650 #1 - SUBJECT ADDED ENTRY--TOPICAL TERM
Topical term or geographic name entry element Science fiction.
906 ## - LOCAL DATA ELEMENT F, LDF (RLIN)
a 7
b cbc
c orignew
d 1
e ecip
f 20
g y-gencatlg
942 ## - ADDED ENTRY ELEMENTS (KOHA)
Source of classification or shelving scheme Dewey Decimal Classification
Koha item type Books
Suppress in OPAC No
999 ## -
-- 2679
-- 2679
Holdings
Withdrawn status Lost status Source of classification or shelving scheme Damaged status Not for loan Collection Home library Current library Shelving location Date acquired Total Checkouts Full call number Barcode Date last seen Date last checked out Price effective from Koha item type
    Dewey Decimal Classification     Fiction Footprints International School Library Network Toul Tom Poung Campus Footprints International School Library Network Toul Tom Poung Campus TTP Secondary Fiction Bookshelves 01/09/2024 2 HIR 813.6 PZ7.H59787 FISSE01384 01/13/2026 01/08/2026 01/09/2024 Books